MARC

LEADER 00000nam0a2200000 4500
001 58322
005 20231031055023.0
035 |a (RuTPU)RU\TPU\book\61596 
090 |a 58322 
100 |a 20031128d1985 m y0rusy50 ca 
101 0 |a rus 
102 |a RU 
105 |a a j 001zy 
200 1 |a Теплообменные устройства газотурбинных и комбинированных установок  |e учебное пособие  |f Под ред. А. И. Леонтьева 
210 |a Москва  |c Машиностроение  |d 1985 
215 |a 360 с.  |c ил. 
320 |a Библиогр.: с. 353 
320 |a Предметный указатель: с. 354-358 
610 1 |a теплообменные устройства 
610 1 |a газотурбинные установки 
610 1 |a комбинированные установки 
610 1 |a теплообменники 
610 1 |a конструкции 
610 1 |a теплопередача 
610 1 |a проектирование 
610 1 |a лопаточные машины 
610 1 |a охлаждение 
610 1 |a расчеты 
610 1 |a учебные пособия 
675 |a 621.438.016(075.8)  |v 3 
702 1 |a Леонтьев  |b А. И.  |4 340 
801 1 |a RU  |b 63413507  |c 20031128  |g PSBO 
801 2 |a RU  |b 63413507  |c 20201028  |g PSBO 
942 |c BK